| 000 | 01090nam a2200325 i 4500 | ||
|---|---|---|---|
| 001 | 181551 | ||
| 003 | ES-MaACL | ||
| 005 | 20250812223527.0 | ||
| 008 | 130205s1981 sp | |||| ||spa d | ||
| 017 |
_aB 15945-1981 _bOficina Depósito Legal Barcelona |
||
| 020 | _a8433594281 | ||
| 040 | _cES-MaACL | ||
| 080 | _a94(460)"18" | ||
| 080 | _a94(460)"1902/31" | ||
| 245 | 0 | 0 |
_aRevolución burguesa, oligarquía y constitucionalismo : _b(1834-1923) / _cpor Gabriel Tortella Casares ... [et al.]. |
| 250 | _a1ª ed. | ||
| 260 |
_aBarcelona : _bLabor, _c1981. |
||
| 300 |
_a574 páginas : _bmapas, gráficos ; _c22 cm. |
||
| 490 | 1 |
_aHistoria de España ; _v8 |
|
| 500 | _aÍndices | ||
| 504 | _aBibliografía | ||
| 651 | 7 |
_aEspaña- _xHistoria- _yS.XIX _2 _9142005 |
|
| 651 | 4 |
_aEspaña- _xHistoria- _y1874-1885, Alfonso XII. _98265 |
|
| 700 | 1 |
_aTortella Casares, Gabriel. _9111078 _eaut |
|
| 830 | 0 | 0 |
_aHistoria de España (Labor) _v8 _9236395 |
| 852 |
_aES-MaACL _cDEPO2 _jL-16754 |
||
| 942 |
_cMONOGRAFIA _n0 |
||
| 999 |
_c181551 _d181551 |
||